000
00345pam a2200157 a 4500
020
_c
041
_h
082
_a
647.94
100
_a
HANDSLIP C
_e
Author
245
_a
ICES & COLD DESSERTS
_c
HANDSLIP C
_h
Textual Documents
260
_b
Octopus pub
300
_a
93
653
_a
Food Producation
700
_e
Co-Author
930
_a
2397
999
_c
229798
_d
229798